| 000 | 00784nam a2200241Ia 4500 | ||
|---|---|---|---|
| 005 | 20211108105532.0 | ||
| 008 | 130821s1985 ck gr spa | ||
| 020 | _a[sin ISBN] | ||
| 040 |
_aCO-BoUCM _bspa _cJose A. Gerena (modificó) _d[Nuevo] |
||
| 041 | 0 | 0 | _aspa |
| 100 | 1 | 0 |
_aShakespeare, William _d1564-1616 _9834 |
| 245 | 1 | 3 |
_aEl Rey Lear _cWilliam Shekespeare |
| 260 |
_aMedellín (Antioquia, Colombia) _bBedout _c1985 |
||
| 300 | _a135 páginas | ||
| 490 |
_aBolsilibros Bedout _v160 |
||
| 650 | 0 | 7 |
_aLiteratura europea _926524 |
| 650 | 7 |
_aDrama inglés _913578 |
|
| 650 | 0 | 7 |
_aLiteratura inglesa _9272 |
| 650 | 0 | 7 |
_aTeatro inglés _925071 |
| 690 |
_aLiteratura europea _926524 |
||
| 942 |
_cLIBRO _a18 _e1 _mS527rl _2DEWEY _h822.33 |
||
| 999 |
_c27286 _d27286 |
||